000 00523nam a2200193Ia 4500
003 GCL
008 140319s9999 xx 000 0 eng d
020 _a043304922X
040 _aGCL /
_cGCL
082 0 4 _a616.0756
_bM M
100 1 _aMUNRO, JOHN
245 1 0 _aMACLEOD'S CLINICAL EXAMINATION /
_cMUNRO, JOHN
700 1 _aEDWARDS, CHRISTOPHER
260 _aانجلترا :
_bELBS WITH CHURCHILL LIVINGSTONE ،
_c1994
300 _a372 P ؛
_cMULTI
650 0 4 _aPHYSICIANS
650 0 4 _aMEDICINE
942 _2ddc
_cBK
999 _c19997
_d19997